000
00346 a2200169 4500
001
184748
020
_a
978-85-250-4583-6
040
_c
Magnum
100
_a
Lobato, Monteiro
240
1
0
_a
Fábulas
_l
por
245
1
0
_a
Fábulas
300
_a
119
362
0
_a
2008
440
1
_a
Globo
697
_a
LITERATURA INFANTO-JUVENIL
942
_c
BK
999
_c
184748
_d
184748